Direct-current machinery. (Record no. 545476)

000 -LEADER
fixed length control field 00473cam a22001571 4500
082 ## - DEWEY DECIMAL CLASSIFICATION NUMBER
Classification number 621.3132
Author Mark BLA
-- L-10, P-12
100 1# - MAIN ENTRY--PERSONAL NAME
Personal name Blalock, Grover Cleveland,
9 (RLIN) 41339
245 10 - TITLE STATEMENT
Title Direct-current machinery.
250 ## - EDITION STATEMENT
Edition statement 1st ed.
260 ## - PUBLICATION, DISTRIBUTION, ETC.
Place of publication, distribution, etc. New York,
Name of publisher, distributor, etc. McGraw-Hill Book Co.,
Date of publication, distribution, etc. [c1947]
300 ## - PHYSICAL DESCRIPTION
Extent xi, 367 p.
Other physical details illus.,
Dimensions 21 cm.
526 ## - STUDY PROGRAM INFORMATION NOTE
Program name 0
Interest level 0
Reading level 0
Title point value 621_313200000000000_BLA
650 #0 - SUBJECT ADDED ENTRY--TOPICAL TERM
Topical term or geographic name entry element Electric machinery
General subdivision Direct current
9 (RLIN) 41340
650 #0 - SUBJECT ADDED ENTRY--TOPICAL TERM
Topical term or geographic name entry element MCE
9 (RLIN) 379
942 ## - ADDED ENTRY ELEMENTS (KOHA)
Source of classification or shelving scheme
Koha item type Book
Holdings
Withdrawn status Lost status Source of classification or shelving scheme Damaged status Not for loan Permanent Location Current Location Date acquired Total Checkouts Full call number Barcode Date last seen Price effective from Koha item type
          Military College of Engineering (MCE) Military College of Engineering (MCE) 05/23/2014   621.3132 BLA MCE-30634 05/23/2014 05/23/2014 Book
© 2023 Central Library, National University of Sciences and Technology. All Rights Reserved.